| 000 | 00441 a2200109 4500 | ||
|---|---|---|---|
| 001 | ART_41788 | ||
| 005 | 20260410161814.0 | ||
| 008 | 260409a | ||
| 245 | 1 | 0 | _aLa interdisciplina y la transdisciplina como estrategias para la erradicación de conductas anómicas y la enseñanza del derecho en torno a la gestión del agua |
| 100 | 1 | _aCapaldo, Griselda | |
| 773 | 0 |
_tAcademia _g- Año 12, Nº 23 (ene./jun. 2014) _wREV4314 |
|
| 999 |
_c21707 _d21707 |
||